Prescripciones positivas para el futuro cercano /
সংরক্ষণ করুন:
| প্রধান লেখক: | |
|---|---|
| বিন্যাস: | অজ্ঞাত |
| প্রকাশিত: |
Caracas:
Unesco. Nueva Sociedad
|
| বিষয়গুলি: | |
| ট্যাগগুলো: |
ট্যাগ যুক্ত করুন
কোনো ট্যাগ নেই, প্রথমজন হিসাবে ট্যাগ করুন!
|
MARC
| LEADER | 00000 a2200000 04500 | ||
|---|---|---|---|
| 001 | 39130 | ||
| 003 | cru IIS | ||
| 005 | 20230705104144.0 | ||
| 008 | 991231s d | ||
| 020 | |a 980-317-001-5 | ||
| 022 | |a 980-317-001-5 | ||
| 040 | |a CRAI/IIS |c CRAI/IIS | ||
| 090 | |a 0002 L864d | ||
| 100 | |a Falk, Richard |9 11543 | ||
| 245 | |a Prescripciones positivas para el futuro cercano / |c Richard Falk | ||
| 260 | |a Caracas: |b Unesco. Nueva Sociedad | ||
| 300 | |a 113-134 p. | ||
| 650 | |a DEMOCRACIA | ||
| 650 | |a ELECCIONES | ||
| 650 | |a AMERICA LATINA | ||
| 773 | 0 | |0 14659 |9 9356 |a López Maya, Margarita |d Caracas: Unesco. Nueva Sociedad 1991 |o 06311 |t Desarrollo y democracia / |w (cru CIDCACS/IIS)39129 |x 980-317-001-5 |z 980-317-001-5 | |
| 942 | |2 ddc |c LI | ||
| 999 | |c 14950 |d 14950 | ||



